Ulkomaiset suurlähetystöt Suomessa 2025 - Statistics

Yleistilastot
  • Tätä visaa on pelattu 27 kertaa
  • Keskiarvotulos 53 / 64
Vastaustilastot
Vastaus % Oikein
Yhdysvallat
100%
Argentiina
96%
Islanti
96%
Kanada
96%
Latvia
96%
Liettua
96%
Portugali
96%
Ranska
96%
Ruotsi
96%
Saksa
96%
Slovakia
96%
Venäjä
96%
Viro
96%
Alankomaat
92%
Espanja
92%
Etelä-Korea
92%
Irlanti
92%
Japani
92%
Kiina
92%
Meksiko
92%
Puola
92%
Ukraina
92%
Yhdistynyt kuningaskunta
92%
Belgia
88%
Brasilia
88%
Egypti
88%
Indonesia
88%
Italia
88%
Itävalta
88%
Kolumbia
88%
Kroatia
88%
Norja
88%
Sveitsi
88%
Tsekki
88%
Algeria
83%
Chile
83%
Filippiinit
83%
Intia
83%
Israel
83%
Kreikka
83%
Romania
83%
Serbia
83%
Tanska
83%
Thaimaa
83%
Unkari
83%
Iran
79%
Peru
79%
Vietnam
79%
Irak
75%
Kuuba
75%
Marokko
75%
Turkki
75%
Valko-Venäjä
75%
Saudi-Arabia
71%
Bulgaria
67%
Kypros
67%
Tunisia
67%
Yhdistyneet arabiemiraatit
67%
Uruguay
58%
Georgia
54%
Malesia
54%
Qatar
54%
Namibia
50%
Kazakstan
46%
Ehtoja vastaavia visoja ei löytynyt
Tulosjakauma
Jokaisen tuloksen saaneiden osuus
Persentiili vastausten määrän mukaan
Tuloshistoriasi
Et ole pelannut tätä visaa